Statistiques concernant Culture Générale - Série 472

Cliquez ici pour prendre le quiz!

Statistiques générales

  • Ce quiz a été pris 107 fois
  • Le résultat moyen est 4 sur 10

Statistiques - réponses

QuestionRéponse% Correct
Dans "L'Homme à la peau de serpent", quel acteur, prénommé Marlon, porte une veste en serpent ?Marlon Brando
71%
Quel est le nom du serpent hypnotiseur dans "Le Livre de la jungle" ?Kaa
64%
En 1997, quel film avec Jennifer Lopez porte le nom d'un serpent ?Anaconda
58%
Comment appelle‐t‐on le crotale dans le langage courant ?Serpent à sonnette
56%
Dans Harry Potter, quel langue permet au héros de parler aux serpents ?fourchelang
47%
Qui joue Rachin, le directeur implacable du film "Les Choristes" ?François Berléand
40%
En informatique, quel mot anglais désigne un canular - courrier électronique propageant une fausse information et poussant le destinataire à diffuser la fausse nouvelle à tous ?hoax
29%
Quel nom donne‐t‐on à la dépêche trafiquée par Bismarck, qui est à l'origine de la guerre franco‐allemande de 1870 ?Dépêche d'Ems
24%
Quel nom féminin désigne le mode de déplacement des serpents ?Reptation
16%
Quel réalisateur, prénommé Jean, a filmé dans "Zéro de conduite" trois internes en révolte dans un collège ?Jean Vigo
7%

Distribution des résultats

Percentile par nombre de réponses

% des personnes avec chaque résultat

Votre développement - résultats

Vous n’avez pas pris ce quiz